Who Bob what pants? / (Record no. 3574)

MARC details
000 -LEADER
fixed length control field 01275cam a22002897a 4500
005 - DATE AND TIME OF LATEST TRANSACTION
control field 20251119090606.0
020 ## - INTERNATIONAL STANDARD BOOK NUMBER
International Standard Book Number 9781416984467
040 ## - CATALOGING SOURCE
Original cataloging agency OCP
Transcribing agency OCP
Modifying agency XY4
-- DLC
Language of cataloging eng
050 00 - LIBRARY OF CONGRESS CALL NUMBER
Classification number PZ7.S6953
082 00 - DEWEY DECIMAL CLASSIFICATION NUMBER
Classification number 813.6
100 1# - MAIN ENTRY--PERSONAL NAME
Personal name Sollinger, Emily
245 10 - TITLE STATEMENT
Title Who Bob what pants? /
Statement of responsibility, etc. adapted by Emily Sollinger ; illustrated by Stephen Reed
260 ## - PUBLICATION, DISTRIBUTION, ETC.
Place of publication, distribution, etc. New York :
Name of publisher, distributor, etc. Simon Spotlight/Nickelodeon,
Date of publication, distribution, etc. 2008
300 ## - PHYSICAL DESCRIPTION
Extent 24 unnumbered pages :
Other physical details color illustrations ;
Dimensions 21 cm.
490 ## - SERIES STATEMENT
Series statement SpongeBob SquarePants
505 ## - FORMATTED CONTENTS NOTE
Formatted contents note N <br/><br/>
520 ## - SUMMARY, ETC.
Summary, etc. After annoying all of his friends, SpongeBob decides to pack up his belongings and leave Bikini Bottom forever. A bump on the head causes him to lose his memory, and he finds himself mayor of New Kelp City. When Sandy, Patrick, Mr. Krabs, and Squidward finally find him, it will be up to SpongeBob to either return to his old life with these "strangers," or remain in the city where he's considered a hero.
521 ## - TARGET AUDIENCE NOTE
Target audience note 570 <br/>
Source Lexile AD <br/>
521 ## - TARGET AUDIENCE NOTE
Target audience note N <br/>
Source Raz-Plus <br/>
650 #0 - SUBJECT ADDED ENTRY--TOPICAL TERM
Topical term or geographic name entry element Amnesia
Form subdivision Juvenile fiction
650 #0 - SUBJECT ADDED ENTRY--TOPICAL TERM
Topical term or geographic name entry element Picture books
650 #1 - SUBJECT ADDED ENTRY--TOPICAL TERM
Topical term or geographic name entry element Amnesia
Form subdivision Fiction
700 1# - ADDED ENTRY--PERSONAL NAME
Personal name Reed, Stephen
Dates associated with a name 1975-
Relator term illustrator
906 ## - LOCAL DATA ELEMENT F, LDF (RLIN)
a 7
b cbc
c copycat
d 2
e ncip
f 20
g y-gencatlg
942 ## - ADDED ENTRY ELEMENTS (KOHA)
Source of classification or shelving scheme Dewey Decimal Classification
Koha item type Books
Suppress in OPAC No
999 ## -
-- 3574
-- 3574
Holdings
Withdrawn status Lost status Source of classification or shelving scheme Damaged status Not for loan Collection Home library Current library Shelving location Date acquired Total Checkouts Full call number Barcode Date last seen Date last checked out Copy number Price effective from Koha item type
    Dewey Decimal Classification     Fiction Footprints International School Library Network Toul Tom Poung Campus Footprints International School Library Network Toul Tom Poung Campus TTP Primary Yellow Bookshelves 03/21/2024 1 SOL 813.6 PZ7.S6953 FISTK03907 04/10/2025 09/18/2024 1 03/21/2024 Books
    Dewey Decimal Classification     Fiction Footprints International School Library Network Toul Tom Poung Campus Footprints International School Library Network Toul Tom Poung Campus TTP Primary Yellow Bookshelves 06/24/2025   SOL 813.6 PZ7.S6953 FIS02773 06/24/2025   2 06/24/2025 Books